Sports Quiz

Random Sports or NHL Quiz
Score 0/102 Timer 08:00
4 Plays Today
Points % Correct
168Wayne Gretzky
99%
215Wayne Gretzky
99%
212Wayne Gretzky
99%
208Wayne Gretzky
99%
205Wayne Gretzky
99%
196Wayne Gretzky
99%
183Wayne Gretzky
99%
164Wayne Gretzky
99%
163Wayne Gretzky
99%
149Wayne Gretzky
99%
142Wayne Gretzky
99%
137Wayne Gretzky
99%
130Wayne Gretzky
99%
121Wayne Gretzky
99%
199Mario Lemieux
90%
168Mario Lemieux
90%
161Mario Lemieux
90%
160Mario Lemieux
90%
141Mario Lemieux
90%
131Mario Lemieux
90%
123Mario Lemieux
90%
122Mario Lemieux
90%
120Sidney Crosby
86.3%
129Mark Messier
79.9%
149Jaromir Jagr
79.5%
127Jaromir Jagr
79.5%
123Jaromir Jagr
79.5%
121Jaromir Jagr
79.5%
139Bobby Orr
78.9%
135Bobby Orr
78.9%
122Bobby Orr
78.9%
120Bobby Orr
78.9%
117Bobby Orr
78.9%
131Brett Hull
78.1%
Points % Correct
155Steve Yzerman
71.5%
137Steve Yzerman
71.5%
127Steve Yzerman
71.5%
128Nikita Kucherov
70.2%
120Joe Sakic
62.8%
118Joe Sakic
62.8%
152Phil Esposito
61%
145Phil Esposito
61%
133Phil Esposito
61%
130Phil Esposito
61%
127Phil Esposito
61%
126Phil Esposito
61%
135Jari Kurri
60.4%
131Jari Kurri
60.4%
147Mike Bossy
58.9%
126Mike Bossy
58.9%
123Mike Bossy
58.9%
119Mike Bossy
58.9%
118Mike Bossy
58.9%
118Mike Bossy
58.9%
117Mike Bossy
58.9%
132Teemu Selanne
58.8%
136Guy Lafleur
55.6%
132Guy Lafleur
55.6%
129Guy Lafleur
55.6%
125Guy Lafleur
55.6%
125Guy Lafleur
55.6%
119Guy Lafleur
55.6%
138Paul Coffey
52.8%
126Paul Coffey
52.8%
121Paul Coffey
52.8%
125Joe Thornton
50.7%
137Marcel Dionne
49.6%
135Marcel Dionne
49.6%
Points % Correct
130Marcel Dionne
49.6%
126Marcel Dionne
49.6%
122Marcel Dionne
49.6%
121Marcel Dionne
49.6%
117Marcel Dionne
49.6%
134Bryan Trottier
48.6%
129Bryan Trottier
48.6%
123Bryan Trottier
48.6%
119Bobby Clarke
43.6%
119Ron Francis
42.5%
125Luc Robitaille
42%
148Pat LaFontaine
42%
142Adam Oates
41.7%
120Sergei Fedorov
40.7%
127Alexander Mogilny
38.8%
130Dale Hawerchuk
34.4%
121Dale Hawerchuk
34.4%
127Doug Gilmour
33.9%
131Denis Savard
32%
121Denis Savard
32%
119Denis Savard
32%
123Mark Recchi
31.9%
123Kevin Stevens
31.6%
150Bernie Nicholls
30.6%
139Peter Stastny
30.4%
124Peter Stastny
30.4%
122Peter Stastny
30.4%
119Peter Stastny
30.3%
132Pierre Turgeon
28.9%
117Darryl Sittler
23.4%
121Michel Goulet
21.3%
136Dennis Maruk
17.6%
117Peter Mahovlich
15.7%
131Kent Nilsson
14.8%
Remove Ads.
Support Sporcle.
Get the best of Sporcle when you Go Orange. This ad-free experience offers more features, more stats, and more fun while also helping to support Sporcle. Thank you for becoming a member.

You're not logged in!

Compare scores with friends on all Sporcle quizzes.
OR
Log In

Sporcle TV

Today on Sporcle TV


Watch our educational content, quiz creation guides, and fun videos on Sporcle TV.

Show Comments

Extras

Top Quizzes Today


Score Distribution

Paid Content

Your Account Isn't Verified!

In order to create a playlist on Sporcle, you need to verify the email address you used during registration. Go to your Sporcle Settings to finish the process.

Report this User

Report this user for behavior that violates our Community Guidelines.

Details: